000 00587nam a2200229Ia 4500
003 OSt
005 20221007072006.0
006 a|||||r|||| 00| 0
007 ta
008 221006b |||||||| |||| 00| 0 eng d
024 _a11,169
037 _cTextual
040 _aFLL
_cFLL
_beng
041 _2eng
_aeng
082 _aT:8, K3
100 _aBarrell G.R. Au.
_9689818
245 0 _aTeachers and the law
260 _aLondon
_bMethuen and comp. London
_c1963
300 _a271p
_ccm.
942 _hT:8, K3
_cTEXL
_2CC
999 _c1144891
_d1144891